Normal view
MARC view
Entry Topical Term
001 - CONTROL NUMBER
- control field: 12694
003 - CONTROL NUMBER IDENTIFIER
- control field: ARRUPE
005 - DATE AND TIME OF LATEST TRANSACTION
- control field: 20141114131147.0
008 - FIXED-LENGTH DATA ELEMENTS
- fixed length control field: 141114|| aca||aabn | a|a d
040 ## - CATALOGING SOURCE
- Original cataloging agency: ARRUPE
- Transcribing agency: ARRUPE
150 ## - HEADING--TOPICAL TERM
- Topical term or geographic name as entry element: Prices.
670 ## - SOURCE DATA FOUND
- Source citation: Work cat.: (ARRUPE)0: Kirzner, Israel M. 12693, Competition and entrepreneurship, [1973]